Actors who played Bond Villians - Sudden Death #2 - Statistics

General Stats
  • This quiz has been taken 13 times
  • The average score is 6 of 12
Answers on the Grid
Answers color-coded by a green-red scale on the quiz's grid according to % correct below.
Sean Bean
Steven Seagal
David Suchet
Jonathan Pryce
Jan Werich
Toby Stephens
Yaphet Kotto
Max von Sydow
Famke Janssen
Al Pacino
Robert Davi
Christoph Waltz
Ian McKellen
Willem Dafoe
Cormac McCarthy
Rami Malek
Peter Sellers
Michael Lonsdale
Bryan Cranston
Steven Berkoff
Sophie Marceau
Jesper Christensen
Mike Myers
Leonardo DiCaprio
 
Answer Stats
Answer % Correct
Alec Trevelyan Sean Bean
89%
Ernst Stavro Blofeld (Spectre / No Time To Die) Christoph Waltz
78%
Elliot Carver Jonathan Pryce
67%
Xenia Onatopp Famke Janssen
56%
Lyutsifer Safin Rami Malek
56%
Elektra King Sophie Marceau
44%
General Orlov Steven Berkoff
44%
Mr. Big / Dr. Kananga Yaphet Kotto
44%
Mr. White Jesper Christensen
33%
Sir Hugo Drax Michael Lonsdale
33%
Franz Sanchez Robert Davi
33%
Gustav Graves / Colonel Moon Toby Stephens
33%
No matching quizzes found
Score Distribution
Percent of People with Each Score
Percentile by Number Answered
Your Score History
You have not taken this quiz